Normal view MARC view
  • Suchodolski, Bogdan,

Entry Nombre Personal

Number of records used in: 9

001 - NUMERO DE CONTROL

  • campo de control: 31234

003 - IDENTIFICADOR DE NUMERO DE CONTROL

  • campo de control: UPN

005 - FECHA Y HORA DE LA ÜLTIMA TRANSACCIÓN

  • campo de control: 20210219194421.0

008 - DATOS DE LONGITUD FIJA

  • campo de control de longitud fija: nabaccnnaabn|||||||||| b |nc|||||d

035 ## - NUMERO DE CONTROL

  • Número de control: UPN11000003340

040 ## - FUENTE DE CATALOGACIÓN

  • Lenguaje de catalogación: SPA
  • Agencia de transcripción: UPN

100 1# - ENCABEZAMIENTO - NOMBRE PERSONAL

  • Nombre personal: Suchodolski, Bogdan,
  • Fechas asociadas con el nombre: 1907-1992

670 ## - FUENTE EN LA QUE SE LOCALIZARON DATOS

  • Cita de la fuente: T
  • Uniform Resource Identifier: http://books.google.com.mx/books?id=3-zO6XO6_KQC&pg=PA71&lpg=PA71&dq=Suchodolski,+Bogdan,1907-1992&source=bl&ots=g16QmiAq6e&sig=5IDTAMolO4F-0q64xVYWzNwmjgU&hl=es&ei=bTxVTv6lNOuOsAKX5PyWBw&sa=X&oi=book_result&ct=result&resnum=2&sqi=2&ved=0CB0Q6AEwAQ#v=onepage&q=Suchodolski%2C%20Bogdan%2C1907-1992&f=false

680 ## - NOTA PUBLICA DE ACCESO PÚBLICO

  • Frase explicativa de la referencia: Educador polaco

902 ## - CATALOGADOR

  • Catalogador: CAA/240811